01223nam a2200337Ia 4500001001200000003000800012006001900020007001500039008004100054010001700095020001500112020001800127040002100145035002100166050002900187100002400216245009200240260004900332300002400381490001600405500002000421533015200441630002200593650002500615655002900640700002800669710001700697830002800714856012600742999001700868ebr10296632CaPaEBRm u cr cn|||||||||070914s2008 inua s 001 0 eng d z 2007038104 z0470174021 z9780470174029 aCaPaEBRcCaPaEBR a(OCoLC)60862399114aQA76.9.D3bC67324 2008eb1 aCooper, Rob,d1970-10aExpert Access 2007 programmingh[electronic resource] /cRob Cooper and Michael Tucker. aIndianapolis, IN :bWrox/Wiley Pub.,cc2008. axxx, 688 p. :bill.1 aWrox expert aIncludes index. aElectronic reproduction.bPalo Alto, Calif. :cebrary,d2009.nAvailable via World Wide Web.nAccess may be limited to ebrary affiliated libraries.00aMicrosoft Access. 0aDatabase management. 7aElectronic books.2local1 aTucker, Michael,d1962-2 aebrary, Inc. 0aWrox expert one-on-one.40uhttp://site.ebrary.com/lib/rucke/Doc?id=10296632zAn electronic book accessible through the World Wide Web; click to view c77776d77776